| 000 | 01721nam a2200421 c 4500 | ||
|---|---|---|---|
| 003 | BLK | ||
| 005 | 20250721173351.0 | ||
| 008 | 180410b bul|||||r ||||||| ||bul|| | ||
| 010 | _aKNG00158441000 | ||
| 020 |
_a978-954-625-824-3 _bиздат.: Фют |
||
| 040 | _aBLK | ||
| 041 |
_aBUL _cBUL |
||
| 072 | 7 |
_2bullib _aН85 _xДетска художествена литература Н |
|
| 080 |
_aАнглийска литература _b821.111 _x-93-91 _z821.111-93-91 |
||
| 100 | 1 |
_aЕверет, Фелисити _eпърви автор _9331634 |
|
| 700 | 1 |
_aСимс, Лесли _eадапт. _9378177 |
|
| 700 | 1 |
_aФокс, Кристиян _eил. _9280126 |
|
| 139 |
_aЕверет, Фелисити _bЕ 17 |
||
| 245 | 1 | 0 |
_aПриказки за детективи + забавни игри _cФелисити Еверет; адапт. Лесли Симс; ил. Кристиян Фокс. |
| 257 | _aGBR | ||
| 260 |
_аСофия _bФют _c2013 _fСофия : Лито Балкан |
||
| 300 |
_a56 с. _bс цв. ил. _c20 см |
||
| 380 | _aDX | ||
| 490 | 1 | _aБиблиотека Славейче | |
| 500 | _aОриг. загл. The Burglar's Breakfast. - Съдържа и Речник ; Забавни задачи + Читателски дневник. | ||
| 650 | 4 |
_aКниги-игри _9158798 |
|
| 653 | _aприказки | ||
| 653 | _aкниги-игри | ||
| 653 | _aлитература за деца | ||
| 653 | _aдетска литература | ||
| 659 | _aН | ||
| 852 | _aЦб 268248 | ||
| 856 | 4 |
_qpdf _u |
|
| 856 | 4 |
_qpdf _u |
|
| 942 |
_cKNG _n0 _053 |
||
| 944 |
_aCR _c24.03.2014 _lАнна Гръцманова _k30564 |
||
| 944 |
_aED _c03.10.2014 _lф / _k |
||
| 999 |
_c151998 _d151998 |
||